Managerial economics:theory and applications (Record no. 191087)

MARC details
000 -LEADER
fixed length control field 00354nam a22001457a 4500
003 - CONTROL NUMBER IDENTIFIER
control field OSt
020 ## - INTERNATIONAL STANDARD BOOK NUMBER
International Standard Book Number 9789350248270
082 ## - DEWEY DECIMAL CLASSIFICATION NUMBER
Classification number 338.092
Item number MAN/MI
100 ## - MAIN ENTRY--PERSONAL NAME
Personal name Mithani, M
245 ## - TITLE STATEMENT
Title Managerial economics:theory and applications
250 ## - EDITION STATEMENT
Edition statement 6,rev.ed.
260 ## - PUBLICATION, DISTRIBUTION, ETC. (IMPRINT)
Place of publication, distribution, etc. New Delhi
Name of publisher, distributor, etc. Himalaya publishing house
Date of publication, distribution, etc. 2012
300 ## - PHYSICAL DESCRIPTION
Extent 700p.
942 ## - ADDED ENTRY ELEMENTS (KOHA)
Source of classification or shelving scheme Dewey Decimal Classification
Koha item type Books (General)
Holdings
Withdrawn status Lost status Source of classification or shelving scheme Damaged status Not for loan Collection code Home library Current library Shelving location Date acquired Cost, normal purchase price Total Checkouts Full call number Date last seen Price effective from Koha item type
    Dewey Decimal Classification     Malayalam College of Co-operation, Banking & Management Library, Vellanikkara College of Co-operation, Banking & Management Library, Vellanikkara   13/12/2018 453.00   338.092 MAN/MI 13/12/2018 13/12/2018 Books (General)
Kerala Agricultural University Central Library
Thrissur-(Dt.), Kerala Pin:- 680656, India
Ph : (+91)(487) 2372219
E-mail: librarian@kau.in
Website: http://library.kau.in/